SAMAJSHASTRA EVAM VYAVASTHIT ADHYAYAN (Record no. 12621)
[ view plain ]
| 000 -LEADER | |
|---|---|
| fixed length control field | 00299nam a22001337a 4500 |
| 003 - CONTROL NUMBER IDENTIFIER | |
| control field | SGT |
| 082 ## - DEWEY DECIMAL CLASSIFICATION NUMBER | |
| Classification number | 370 |
| Item number | S13D |
| 100 ## - MAIN ENTRY--PERSONAL NAME | |
| Personal name | DWIVEDI, ANURAG |
| 245 ## - TITLE STATEMENT | |
| Title | SAMAJSHASTRA EVAM VYAVASTHIT ADHYAYAN |
| 260 ## - PUBLICATION, DISTRIBUTION, ETC. (IMPRINT) | |
| Place of publication, distribution, etc | NEW DELHI |
| Name of publisher, distributor, etc | PRATYUSH PUB |
| Year of Publication | 2013 |
| 300 ## - PAGE DESCRIPTION | |
| No. of Pages | 186 |
| 650 ## - SUBJECT ADDED ENTRY--TOPICAL TERM | |
| Topical term or geographic name as entry element | EDUCATION |
| 942 ## - ADDED ENTRY ELEMENTS (KOHA) | |
| Source of classification or shelving scheme | Dewey Decimal Classification |
| Koha item type | Books |
| Withdrawn status | Lost status | Source of classification or shelving scheme | Damaged status | Not for loan | Collection code | Home library | Current library | Shelving location | Date acquired | Vendor Name | Cost, normal purchase price | SGTU | Bill Number | Full call number | Accession No. (Barcode) | Date last seen | Bill Date | Koha item type | Total Checkouts | Date last borrowed |
|---|---|---|---|---|---|---|---|---|---|---|---|---|---|---|---|---|---|---|---|---|
| Dewey Decimal Classification | EDUCATION | SGT Engineering Library | SGT Engineering Library | Text Book | 21/07/2017 | INDIAN PUB | 200.00 | SGTU | 102 | 370 S13D | ED3042 | 21/07/2017 | 22/11/2016 | Books | ||||||
| Dewey Decimal Classification | EDUCATION | SGT Engineering Library | SGT Engineering Library | Text Book | 21/07/2017 | INDIAN PUB | 200.00 | SGTU | 102 | 370 S13D | ED3043 | 02/03/2021 | 22/11/2016 | Books | 1 | 29/01/2021 |